[Event "15th Asian-ch"]
[Site "Chengdu CHN"]
[Date "2017.05.14"]
[Round "3"]
[White "Atabaev, Yusup"]
[Black "Sriram, Jha"]
[Result "1-0"]
[WhiteElo "2455"]
[BlackElo "2390"]
[EventDate "2017.05.12"]
[PlyCount "149"]

1.e4 e5 2.Nf3 Nc6 3.Bb5 a6 4.Ba4 Nf6 5.O-O Be7 6.Re1 b5 7.Bb3 d6 8.c3 Na5 
9.Bc2 c5 10.d4 Qc7 11.d5 Bd7 12.b3 O-O 13.Nbd2 g6 14.Nf1 Nh5 15.Bh6 Rfb8 
16.Qd2 Nb7 17.h3 f6 18.g4 Ng7 19.Ng3 Nd8 20.Nh2 Nf7 21.Be3 a5 22.a4 bxa4 
23.bxa4 Rb2 24.Reb1 Rab8 25.Rxb2 Rxb2 26.Qd1 Qc8 27.Bc1 Rb8 28.Rb1 Rxb1 
29.Bxb1 Ne8 30.Nhf1 Nc7 31.Ne3 Qe8 32.Bc2 Na8 33.Nc4 Bd8 34.Nf1 Bc7 35.Kg2
Kg7 36.Be3 Qb8 37.Nfd2 Bd8 38.Nb3 Qa7 39.Qa1 Bc7 40.Qa3 Kg8 41.Bd3 Nb6 42.
Nxb6 Qxb6 43.Nd2 Qb7 44.f3 Kg7 45.Bc4 Bd8 46.Qb3 Qxb3 47.Bxb3 f5 48.Bc2 f4
49.Bf2 h5 50.Nc4 Kf8 51.Nb2 hxg4 52.hxg4 Bc7 53.Bd3 Ke7 54.Ba6 Kd8 55.Be1 
Bb6 56.c4 Kc7 57.Bb5 g5 58.Nd3 Nd8 59.Bc3 Nb7 60.Kf1 Bxb5 61.cxb5 Kb8 62.
Nb2 Ka7 63.Nc4 Bc7 64.Ke2 Bd8 65.Kd2 Bc7 66.Kd3 Bd8 67.Nxe5 dxe5 68.Bxe5 
Be7 69.Bc7 Nd6 70.e5 Nf7 71.Ke4 Bf8 72.Bxa5 Be7 73.Bc7 Kb7 74.b6 c4 75.e6 
1-0

[Event "15th Asian-ch"]
[Site "Chengdu CHN"]
[Date "2017.05.14"]
[Round "3"]
[White "Lin Yi"]
[Black "Atabaev, Maksat"]
[Result "1/2-1/2"]
[WhiteElo "2397"]
[BlackElo "2519"]
[EventDate "2017.05.12"]
[PlyCount "89"]

1.d4 Nf6 2.c4 e6 3.Nf3 Bb4+ 4.Bd2 a5 5.g3 b6 6.Bg2 Bb7 7.O-O O-O 8.Bg5 Be7
9.Nc3 Ne4 10.Bxe7 Qxe7 11.Qc2 Nxc3 12.Qxc3 d6 13.Rfd1 Nd7 14.Rac1 a4 15.b4
axb3 16.axb3 Rfd8 17.Ra1 Qf8 18.Rxa8 Bxa8 19.Ra1 Be4 20.Ra7 Ra8 21.Qa1 Qb8
22.Rxa8 Qxa8 23.Qxa8+ Bxa8 24.Nd2 Bxg2 25.Kxg2 Kf8 26.e3 Ke7 27.Kf3 c6 28.
h4 c5 29.Ke2 f6 30.Kd3 e5 31.dxc5 dxc5 32.f3 Ke6 33.Nb1 Kd6 34.Nc3 f5 35.
Ke2 Kc6 36.Kd2 e4 37.f4 Nf6 38.Ke2 Ne8 39.Kd2 Nc7 40.Ke2 Na6 41.Na2 Kd6 
42.Kd2 Kd7 43.Ke2 Kc7 44.Kd2 Kd6 45.Ke2 1/2-1/2

[Event "15th Asian-ch"]
[Site "Chengdu CHN"]
[Date "2017.05.14"]
[Round "3"]
[White "Zhao Yuanhe"]
[Black "Xu Yi"]
[Result "0-1"]
[WhiteElo "2383"]
[BlackElo "2456"]
[EventDate "2017.05.12"]
[PlyCount "172"]

1.Nf3 Nf6 2.g3 d5 3.Bg2 e6 4.c4 Be7 5.O-O O-O 6.Qc2 d4 7.d3 c5 8.e3 Nc6 9.
exd4 cxd4 10.a3 a5 11.Bg5 e5 12.Nbd2 h6 13.Bxf6 Bxf6 14.c5 Be6 15.Nc4 Qc7 
16.Rfe1 Rad8 17.Rab1 Ne7 18.b4 axb4 19.axb4 Ng6 20.Ra1 Bd5 21.Nb6 Bc6 22.
Qc4 Rfe8 23.Nd2 Bxg2 24.Kxg2 Be7 25.Ra7 Bf8 26.Qb5 Re6 27.Nbc4 Rb8 28.Na5 
Re7 29.Ne4 Qc8 30.h3 b6 31.Nd6 bxa5 32.Nxc8 Rxb5 33.Nxe7+ Nxe7 34.Rxa5 
Rxb4 35.Rc1 Rb7 36.c6 Rc7 37.Rxe5 Rxc6 38.Rxc6 Nxc6 39.Re8 Nb4 40.Rd8 Nxd3
41.Rxd4 Nxf2 42.g4 g6 43.h4 Kg7 44.Kf3 Be7 45.Kg3 Bf6 46.Rd5 Ne4+ 47.Kf3 
Nc3 48.Rd3 Na4 49.h5 Nc5 50.Rd5 Ne6 51.Ra5 Bc3 52.Rd5 Ng5+ 53.Kf4 Kf6 54.
Ke3 gxh5 55.gxh5 Be5 56.Ra5 Kf5 57.Ra4 f6 58.Rh4 Ne6 59.Rh1 Bf4+ 60.Kd3 
Nc5+ 61.Kd4 Ne4 62.Rb1 Ng3 63.Rb5+ Be5+ 64.Ke3 Nxh5 65.Kf3 Nf4 66.Ra5 Ne6 
67.Ra4 Ng5+ 68.Kg2 h5 69.Rh4 Kg6 70.Ra4 Ne6 71.Kh3 Kg5 72.Ra8 Nf4+ 73.Kg3 
h4+ 74.Kf3 Ng6 75.Kg2 Bg3 76.Rg8 Kf5 77.Rg7 Nf4+ 78.Kf3 Ne6 79.Ra7 Ng5+ 
80.Kg2 Kg4 81.Ra4+ Bf4 82.Ra3 f5 83.Ra4 Ne4 84.Ra3 Bg3 85.Ra4 h3+ 86.Kh1 
Kg5 0-1

[Event "15th Asian-ch"]
[Site "Chengdu CHN"]
[Date "2017.05.14"]
[Round "3"]
[White "Zhu Yi"]
[Black "Bilguun, Sumiya"]
[Result "1-0"]
[WhiteElo "2328"]
[BlackElo "2440"]
[EventDate "2017.05.12"]
[PlyCount "161"]

1.d4 d5 2.c4 e6 3.g3 Nf6 4.Nf3 dxc4 5.Bg2 Be7 6.O-O O-O 7.Qc2 a6 8.a4 Bd7 
9.Qxc4 Bc6 10.Bf4 a5 11.Nc3 Na6 12.Qd3 Nb4 13.Qb1 Nbd5 14.Bg5 h6 15.Bxf6 
Nxf6 16.e4 Bb4 17.Re1 b6 18.Ne5 Bb7 19.Rd1 Qe7 20.Nc4 Rfd8 21.Qc2 Rab8 22.
h3 Rd7 23.Ne5 Rdd8 24.Nc4 Ba8 25.Ne3 c6 26.Rac1 Qf8 27.Kh2 Rd7 28.f4 g6 
29.Qf2 Qd8 30.e5 Ne8 31.Ne4 c5 32.Nc2 cxd4 33.Nxb4 axb4 34.Rc4 d3 35.Rxb4 
Qc7 36.Nc3 Bxg2 37.Kxg2 Rdd8 38.Rd2 Qc6+ 39.Qf3 Qc5 40.Re4 Nc7 41.Rxd3 Na6
42.Qd1 Rdc8 43.Rd6 Nb4 44.Qb3 Na6 45.Qd1 Nb4 46.Qb3 Na6 47.Red4 Qc7 48.Qd1
Nc5 49.Nb5 Qb7+ 50.Qf3 Qa6 51.Nc3 Nb7 52.Rc6 Na5 53.Rxc8+ Rxc8 54.h4 Nb3 
55.Rd6 h5 56.g4 hxg4 57.Qxg4 Kg7 58.h5 Qb7+ 59.Kg1 Rh8 60.Qg2 Qxg2+ 61.
Kxg2 gxh5 62.Rxb6 Nd2 63.a5 h4 64.Kh3 Nc4 65.Rb5 Kg6 66.b3 Nd2 67.a6 Kf5 
68.a7 Rg8 69.Ne2 Ra8 70.Rb7 Nf3 71.Rxf7+ Ke4 72.Rg7 Ke3 73.b4 Kxe2 74.b5 
Ng1+ 75.Kxh4 Nf3+ 76.Kh5 Nd4 77.b6 Nc6 78.Rc7 Na5 79.b7 Nxb7 80.Rxb7 Kf3 
81.Kg5 1-0

[Event "15th Asian-ch"]
[Site "Chengdu CHN"]
[Date "2017.05.14"]
[Round "3"]
[White "Peng Xiongjian"]
[Black "Chen Qi B"]
[Result "1-0"]
[WhiteElo "2431"]
[BlackElo "2362"]
[EventDate "2017.05.12"]
[PlyCount "101"]

1.d4 Nf6 2.c4 e6 3.Nc3 d5 4.cxd5 exd5 5.Bg5 c6 6.e3 Nbd7 7.Bd3 Be7 8.Nf3 
Ne4 9.Bxe4 Bxg5 10.Bc2 Be7 11.Qd3 Nf6 12.Ne5 g6 13.f3 Be6 14.O-O-O Qa5 15.
Kb1 O-O-O 16.Ne2 Nd7 17.Nxd7 Bxd7 18.e4 dxe4 19.fxe4 Kb8 20.Bb3 f6 21.Rhf1
Bc8 22.Ka1 Rd6 23.h3 Rhd8 24.Qe3 Qb5 25.Rc1 Ka8 26.Bc4 Qh5 27.g4 Qh4 28.d5
h5 29.Nf4 hxg4 30.hxg4 Qg5 31.Rg1 Bf8 32.Rcf1 Bh6 33.Qh3 a6 34.Rh1 Bf8 35.
Qh7 cxd5 36.Bxd5 f5 37.Rc1 Qe7 38.gxf5 gxf5 39.e5 Rb6 40.Qxe7 Bxe7 41.Rhg1
Kb8 42.Bf7 Rc6 43.Rxc6 bxc6 44.Kb1 Kc7 45.Rg7 Rd4 46.Ng6 f4 47.Nxe7 f3 48.
Bb3 Rg4 49.Rf7 Rg1+ 50.Kc2 Rg2+ 51.Kd3 1-0

[Event "15th Asian-ch"]
[Site "Chengdu CHN"]
[Date "2017.05.14"]
[Round "3"]
[White "Chen Fan"]
[Black "Atabaev, Saparmyrat"]
[Result "1/2-1/2"]
[WhiteElo "2326"]
[BlackElo "2422"]
[EventDate "2017.05.12"]
[PlyCount "121"]

1.e4 c5 2.Nf3 d6 3.d4 cxd4 4.Nxd4 Nf6 5.Nc3 a6 6.Be2 e5 7.Nb3 Be7 8.O-O 
O-O 9.Kh1 b6 10.Be3 Bb7 11.f3 Nbd7 12.a4 Rc8 13.Qd2 Rc7 14.Rfd1 Qa8 15.Bf1
Rd8 16.a5 bxa5 17.Nxa5 Qc8 18.Nxb7 Qxb7 19.b3 Ra8 20.Bc4 Nb6 21.Bxb6 Qxb6 
22.Nd5 Nxd5 23.Qxd5 Rf8 24.Rxa6 Qf2 25.Qd2 Qh4 26.Qa5 Rc5 27.Qe1 Qf6 28.
Qe2 Rfc8 29.Rda1 h5 30.Ra8 h4 31.b4 Rc7 32.b5 Rxa8 33.Rxa8+ Kh7 34.Ra1 h3 
35.Bd5 Rc3 36.b6 Bd8 37.b7 Bc7 38.Rf1 hxg2+ 39.Qxg2 g6 40.Qf2 Qf4 41.Qg3 
Qf6 42.Bb3 d5 43.Bxd5 Rxc2 44.h4 Kg7 45.Rf2 Rc1+ 46.Kh2 Qb6 47.Rg2 Qb1 48.
Rg1 Rxg1 49.Qxg1 Qc2+ 50.Kh3 Qe2 51.Qg2 Qe3 52.Qf1 Bb8 53.Qg2 Qc1 54.Kh2 
Ba7 55.Qg5 Qb2+ 56.Kh3 Qc3 57.Qg3 Qa1 58.Kh2 Qb2+ 59.Kh3 Qa1 60.Kh2 Qb2+ 
61.Qg2 1/2-1/2

[Event "15th Asian-ch"]
[Site "Chengdu CHN"]
[Date "2017.05.14"]
[Round "3"]
[White "Wang Shixu B"]
[Black "Bersamina, Paulo"]
[Result "0-1"]
[WhiteElo "2187"]
[BlackElo "2419"]
[EventDate "2017.05.12"]
[PlyCount "70"]

1.d4 Nf6 2.c4 c6 3.Nc3 d5 4.Nf3 e6 5.Bg5 dxc4 6.e4 b5 7.e5 h6 8.Bh4 g5 9.
Nxg5 hxg5 10.Bxg5 Nbd7 11.exf6 Bb7 12.Be2 Qb6 13.a4 Bb4 14.O-O O-O-O 15.
axb5 cxb5 16.Bf3 Ne5 17.Bxb7+ Qxb7 18.Qe2 Nd3 19.Qe3 Bd6 20.h4 Bb8 21.b3 
Rdg8 22.d5 exd5 23.Rfd1 Qc6 24.Rab1 a6 25.bxc4 dxc4 26.Nxb5 axb5 27.Rxd3 
Rxh4 28.Rd2 Bf4 29.Rd8+ Kxd8 30.Qe7+ Kc8 31.Rd1 Rg4 32.g3 R4xg5 33.Qxf7 
Rxg3+ 34.Kf1 Rg1+ 35.Ke2 Qe4# 0-1

[Event "15th Asian-ch"]
[Site "Chengdu CHN"]
[Date "2017.05.14"]
[Round "3"]
[White "Dai Changren"]
[Black "Kakabaev, Mergen"]
[Result "1/2-1/2"]
[WhiteElo "2418"]
[BlackElo "2350"]
[EventDate "2017.05.12"]
[PlyCount "171"]

1.e4 e5 2.Nc3 Nf6 3.g3 Bc5 4.Bg2 Nc6 5.Nge2 a6 6.O-O d6 7.Nd5 h6 8.c3 Ba7 
9.Ne3 O-O 10.Kh1 Ng4 11.d4 Kh8 12.Nf5 Ne7 13.h3 Nxf5 14.exf5 Nf6 15.g4 Nh7
16.f4 exd4 17.Nxd4 h5 18.Qe1 c6 19.Qg3 Bd7 20.Be3 Qc7 21.Qh4 Rae8 22.Rae1 
Kg8 23.Qxh5 Qd8 24.Bf2 Rxe1 25.Rxe1 Re8 26.Qh4 Rxe1+ 27.Bxe1 Qa5 28.Qe7 
Nf8 29.a3 d5 30.Bf2 Qc7 31.Be3 Bb8 32.Nf3 f6 33.Bc5 Qc8 34.g5 Bxf5 35.gxf6
gxf6 36.Qxf6 Nh7 37.Qh4 Qe8 38.Bd4 Bc7 39.Ne5 Bd6 40.Bf3 Qe7 41.Qg3+ Kf8 
42.b4 Nf6 43.Qg5 Qe6 44.Qh6+ Kg8 45.Qg5+ Kf8 46.Kh2 Be7 47.Ng6+ Bxg6 48.
Qxg6 Qe1 49.Qf5 Qd2+ 50.Bg2 Kf7 51.h4 Qe2 52.Kh3 Qd1 53.a4 Qe2 54.Kh2 Qe1 
55.Kh3 Qe2 56.a5 Qd1 57.Kh2 Qe1 58.h5 Qh4+ 59.Bh3 Kf8 60.Kg2 Bd8 61.Bc5+ 
Be7 62.Bd4 Bd8 63.Be5 Qxh5 64.Qxh5 Nxh5 65.Bc8 b6 66.axb6 Bxb6 67.Bxa6 Ke7
68.Bb7 Kd7 69.Kf3 Bd8 70.Kg4 Nf6+ 71.Kf5 Ng8 72.Kg6 Bh4 73.Kh5 Bg3 74.Kg4 
Be1 75.f5 Nh6+ 76.Kf4 Bd2+ 77.Kf3 Nxf5 78.Ke2 Bh6 79.Kd3 Nd6 80.Ba6 Nb5 
81.Bxb5 cxb5 82.Bd4 Kc6 83.Be5 Bg5 84.Bd4 Bh6 85.Be5 Bg5 86.Bd4 1/2-1/2

[Event "15th Asian-ch"]
[Site "Chengdu CHN"]
[Date "2017.05.14"]
[Round "3"]
[White "Liu Yan"]
[Black "Pang Tao"]
[Result "1-0"]
[WhiteElo "2413"]
[BlackElo "2193"]
[EventDate "2017.05.12"]
[PlyCount "109"]

1.Nf3 d5 2.d4 c5 3.c4 cxd4 4.cxd5 Qxd5 5.Nc3 Qd8 6.Qxd4 Qxd4 7.Nxd4 e6 8.
Ndb5 Na6 9.e4 Bc5 10.a3 Bb6 11.Na4 Bd8 12.Be3 Nf6 13.Nd6+ Ke7 14.Bxa6 Kxd6
15.Bb5 Nxe4 16.f3 a6 17.O-O-O+ Ke7 18.Be2 Nf6 19.Bc5+ Ke8 20.Rxd8+ Kxd8 
21.Nb6 Nd7 22.Rd1 Ke8 23.Rxd7 Bxd7 24.Nxa8 Bb5 25.Nc7+ Kd7 26.Nxb5 Kc6 27.
Bd4 axb5 28.f4 f6 29.Bf3+ Kc7 30.Kc2 Rd8 31.Kc3 b4+ 32.axb4 b5 33.Bg4 Re8 
34.Kd3 Kc6 35.Ke3 Kd7 36.Bc5 Kc7 37.Be2 Kc6 38.Bd3 h6 39.Bg6 Rd8 40.h4 Kd7
41.Kf3 Kc7 42.Bf7 e5 43.fxe5 fxe5 44.g4 Rd1 45.Be8 Rf1+ 46.Kg2 Rb1 47.Bxb5
Rxb2+ 48.Kf3 Rh2 49.h5 Rh1 50.Ke4 Re1+ 51.Kf5 e4 52.Kf4 Kd8 53.Bc6 Re2 54.
Bxe4 Kc8 55.b5 1-0

[Event "15th Asian-ch"]
[Site "Chengdu CHN"]
[Date "2017.05.14"]
[Round "3"]
[White "Gonzales, Jayson"]
[Black "Zhu Jiner"]
[Result "1-0"]
[WhiteElo "2409"]
[BlackElo "2184"]
[EventDate "2017.05.12"]
[PlyCount "103"]

1.e4 c5 2.Nf3 d6 3.Bb5+ Bd7 4.Bxd7+ Qxd7 5.c4 Nf6 6.Nc3 Nc6 7.d4 cxd4 8.
Nxd4 g6 9.b3 Bg7 10.Bb2 Qg4 11.Qxg4 Nxg4 12.Nxc6 bxc6 13.h3 Ne5 14.O-O-O 
Rb8 15.Na4 O-O 16.f4 Bh6 17.g3 Nd7 18.Kb1 Nb6 19.Nxb6 axb6 20.e5 Rfd8 21.
exd6 exd6 22.Rhe1 Bg7 23.Re7 Bf8 24.Re2 Re8 25.Rde1 Rxe2 26.Rxe2 f5 27.Bd4
Kf7 28.Kc2 c5 29.Bc3 b5 30.cxb5 Rxb5 31.Kd3 d5 32.Re5 d4 33.Bd2 Bd6 34.Re1
Be7 35.Kc4 Rb8 36.a4 Ke8 37.Re6 Kd7 38.Ra6 Rb7 39.Ra8 Bd6 40.a5 Kc6 41.a6 
Rb8 42.Rxb8 Bxb8 43.b4 Ba7 44.b5+ Kb6 45.g4 Bb8 46.gxf5 gxf5 47.Bc1 Bd6 
48.Ba3 Bf8 49.Kd5 Be7 50.Bc1 Bf6 51.Bd2 d3 52.Kc4 1-0

[Event "15th Asian-ch"]
[Site "Chengdu CHN"]
[Date "2017.05.14"]
[Round "3"]
[White "Deng Tianle"]
[Black "Nguyen Huynh Minh Huy"]
[Result "0-1"]
[WhiteElo "2105"]
[BlackElo "2406"]
[EventDate "2017.05.12"]
[PlyCount "64"]

1.e4 c5 2.Nf3 d6 3.d4 cxd4 4.Nxd4 Nf6 5.Nc3 Nc6 6.Bg5 e6 7.Qd2 Be7 8.O-O-O
O-O 9.f4 h6 10.h4 Nxd4 11.Qxd4 hxg5 12.hxg5 Ng4 13.Be2 e5 14.Qg1 exf4 15.
Bxg4 Bxg4 16.Qh2 f5 17.e5 Kf7 18.g6+ Ke8 19.exd6 Bxd1 20.dxe7 Qxe7 21.Rxd1
Qe3+ 22.Kb1 Rd8 23.Rf1 Kd7 24.Nd5 Rh8 25.Qxh8 Rxh8 26.Nxe3 fxe3 27.c3 Rh2 
28.Rg1 f4 29.Kc1 Ke6 30.Kd1 Ke5 31.Ke2 Ke4 32.Ke1 Rh6 0-1

[Event "15th Asian-ch"]
[Site "Chengdu CHN"]
[Date "2017.05.14"]
[Round "3"]
[White "Tran Minh Thang"]
[Black "Odeev, Handszar"]
[Result "0-1"]
[WhiteElo "2409"]
[BlackElo "2417"]
[EventDate "2017.05.12"]
[PlyCount "102"]

1.d4 Nf6 2.Nf3 g6 3.c4 Bg7 4.g3 O-O 5.Bg2 d5 6.cxd5 Nxd5 7.O-O Nb6 8.Nc3 
Nc6 9.e3 Re8 10.d5 Na5 11.e4 c6 12.Nd2 cxd5 13.exd5 Bf5 14.Nb3 Nxb3 15.
axb3 Qd7 16.Be3 Bh3 17.Bxh3 Qxh3 18.Bd4 Qf5 19.Re1 Bf6 20.Ra5 Red8 21.Bxf6
Qxf6 22.Qe2 Rd7 23.Ne4 Qe5 24.Nc5 Qxe2 25.Rxe2 Rc7 26.d6 exd6 27.Ne4 Rc6 
28.Rd2 d5 29.Nc3 Kg7 30.Na4 a6 31.Nxb6 Rxb6 32.Raxd5 Rxb3 33.Rd7 b5 34.Rb7
a5 35.Kg2 Ra6 36.Kf1 Re6 37.Rdd7 Rf6 38.Rd2 h5 39.Ke1 h4 40.Kd1 a4 41.Ke1 
Re6+ 42.Kf1 h3 43.Rdd7 a3 44.Rxf7+ Kh6 45.Rh7+ Kg5 46.f4+ Kg4 47.Rh4+ Kf3 
48.Rxh3 a2 49.Ra7 Rxb2 50.g4+ Kxf4 51.Rha3 Rc6 0-1

[Event "15th Asian-ch"]
[Site "Chengdu CHN"]
[Date "2017.05.15"]
[Round "4"]
[White "Maghsoodloo, Parham"]
[Black "Wang Hao"]
[Result "0-1"]
[WhiteElo "2577"]
[BlackElo "2680"]
[EventDate "2017.05.12"]
[PlyCount "124"]

1.Nf3 d5 2.g3 g6 3.Bg2 Bg7 4.d4 Nf6 5.O-O O-O 6.c4 c6 7.Qb3 Qb6 8.Nc3 Rd8 
9.Rd1 Bf5 10.Ne1 Be6 11.c5 Qxb3 12.axb3 Na6 13.Ra4 Bf5 14.Bf4 Nd7 15.Bg5 
Kf8 16.Rda1 h6 17.Bd2 e5 18.e3 exd4 19.exd4 Kg8 20.Ne2 Nf6 21.Bf1 Ne8 22.
Be3 Nec7 23.h3 h5 24.Nf4 Re8 25.Nf3 Re7 26.Nd3 Be4 27.Nfe5 Bxd3 28.Nxd3 
Nb5 29.Ne1 Nac7 30.Bd3 Rae8 31.Nc2 a6 32.Kg2 Bf6 33.Rd1 h4 34.g4 Ne6 35.
Bxb5 axb5 36.Ra7 Bg5 37.Rda1 Bxe3 38.fxe3 Kg7 39.Ra8 Rxa8 40.Rxa8 Ng5 41.
Ra1 Ne4 42.b4 f5 43.gxf5 g5 44.Ne1 Ng3 45.Ra3 Nxf5 46.Kf2 Rf7 47.Kg2 Re7 
48.Kf2 Re4 49.Ng2 Ng3 50.Kf3 Re7 51.Ne1 Ne4 52.Kg2 Nd2 53.Kf2 Nc4 54.Rd3 
Nxb2 55.Rd2 Nc4 56.Re2 Kg6 57.Nd3 Re8 58.Ne1 Kf5 59.Kf3 Ra8 60.Nd3 Ra3 61.
Nf2 Rb3 62.Re1 Rxb4 0-1

[Event "15th Asian-ch"]
[Site "Chengdu CHN"]
[Date "2017.05.15"]
[Round "4"]
[White "Gundavaa, Bayarsaihan"]
[Black "Ganguly, Surya Shekhar"]
[Result "1/2-1/2"]
[WhiteElo "2485"]
[BlackElo "2653"]
[EventDate "2017.05.12"]
[PlyCount "26"]

1.d4 Nf6 2.c4 e6 3.g3 d5 4.Nf3 Be7 5.Bg2 O-O 6.O-O dxc4 7.Qa4 a6 8.Qxc4 b5
9.Qc2 Bb7 10.Bg5 Nbd7 11.Bxf6 Nxf6 12.Nbd2 Rc8 13.Nb3 Be4 1/2-1/2

[Event "15th Asian-ch"]
[Site "Chengdu CHN"]
[Date "2017.05.15"]
[Round "4"]
[White "Aravindh, Chithambaram"]
[Black "Bai Jinshi"]
[Result "1/2-1/2"]
[WhiteElo "2588"]
[BlackElo "2586"]
[EventDate "2017.05.12"]
[PlyCount "65"]

1.e4 e5 2.Nf3 Nf6 3.Nxe5 d6 4.Nf3 Nxe4 5.Nc3 Nxc3 6.dxc3 Be7 7.Be3 Nc6 8.
Qd2 Be6 9.O-O-O Qd7 10.b3 a6 11.h3 O-O-O 12.Ng5 d5 13.Nxe6 fxe6 14.g4 Qd6 
15.Kb1 h6 16.f4 Bf6 17.Qe1 g5 18.fxg5 Bxg5 19.Bg2 Kb8 20.Rf1 Rhf8 21.Rxf8 
Rxf8 22.Kb2 Bxe3 23.Qxe3 Qh2 24.Rf1 Rd8 25.Qf2 Rd6 26.Re1 d4 27.cxd4 Nxd4 
28.c3 Nc6 29.Re2 Ne5 30.Qf8+ Ka7 31.Qf2+ Kb8 32.Qf8+ Ka7 33.Qf2+ 1/2-1/2

[Event "15th Asian-ch"]
[Site "Chengdu CHN"]
[Date "2017.05.15"]
[Round "4"]
[White "Yu Yangyi"]
[Black "Xu Yinglun"]
[Result "1/2-1/2"]
[WhiteElo "2743"]
[BlackElo "2560"]
[EventDate "2017.05.12"]
[PlyCount "83"]

1.e4 c5 2.Nf3 d6 3.d4 cxd4 4.Nxd4 Nf6 5.Nc3 a6 6.h4 Nc6 7.Be3 Qc7 8.f3 e6 
9.g4 b5 10.Nxc6 Qxc6 11.Qd2 Bb7 12.O-O-O Nd7 13.a3 Ne5 14.Qg2 Nc4 15.Bxc4 
Qxc4 16.Rd4 Qc7 17.h5 Be7 18.g5 O-O 19.g6 Bf6 20.gxh7+ Kxh7 21.Rd3 Qe7 22.
Bf4 Rfd8 23.Rhd1 Bxc3 24.Rxc3 Rd7 25.Rcd3 e5 26.Be3 Qe6 27.Qg5 Rg8 28.Kb1 
d5 29.Bf2 Bc6 30.Bg3 dxe4 31.fxe4 Rxd3 32.cxd3 Be8 33.Qxe5 Qxe5 34.Bxe5 f6
35.Bf4 Bxh5 36.Rh1 Kg6 37.Kc2 Rd8 38.Kd2 Rc8 39.b4 Bg4 40.Rg1 Kh5 41.Bd6 
g5 42.Be7 1/2-1/2

[Event "15th Asian-ch"]
[Site "Chengdu CHN"]
[Date "2017.05.15"]
[Round "4"]
[White "Kasimdzhanov, Rustam"]
[Black "Batchuluun, Cegmed"]
[Result "1-0"]
[WhiteElo "2698"]
[BlackElo "2525"]
[EventDate "2017.05.12"]
[PlyCount "79"]

1.e4 e5 2.Nf3 Nc6 3.Bb5 Nf6 4.Nc3 Bb4 5.O-O O-O 6.d3 d6 7.Bg5 Bxc3 8.bxc3 
Qe7 9.Nd2 h6 10.Bh4 Nd8 11.Re1 Ne6 12.Nf1 Nf4 13.Ne3 c6 14.Bc4 Ng6 15.Bg3 
Be6 16.Bb3 a5 17.Qb1 Rfb8 18.a4 Nh5 19.d4 Nxg3 20.hxg3 b5 21.Qd1 Bxb3 22.
cxb3 Qc7 23.Re2 Ne7 24.Rd2 d5 25.axb5 dxe4 26.bxc6 exd4 27.Rxd4 Qxc6 28.
Raa4 Qxc3 29.Rac4 Qb2 30.Rc7 Ng6 31.Nc4 Qc3 32.Rdd7 Qf6 33.Rxf7 Qxf7 34.
Rxf7 Kxf7 35.Qd5+ Kf6 36.Nd6 Ke7 37.Nxe4 Ra6 38.Qc5+ Kd7 39.Qd4+ Kc8 40.
Qc4+ 1-0

[Event "15th Asian-ch"]
[Site "Chengdu CHN"]
[Date "2017.05.15"]
[Round "4"]
[White "Sandipan, Chanda"]
[Black "Bu Xiangzhi"]
[Result "1/2-1/2"]
[WhiteElo "2575"]
[BlackElo "2697"]
[EventDate "2017.05.12"]
[PlyCount "38"]

1.d4 Nf6 2.Nf3 d5 3.Bf4 c6 4.e3 Qb6 5.b3 Nh5 6.Be5 Nd7 7.Be2 Nhf6 8.Bf4 
Nh5 9.Be5 Nxe5 10.Nxe5 Nf6 11.O-O g6 12.c4 Bg7 13.Nc3 O-O 14.a3 Qc7 15.
cxd5 Nxd5 16.Nxd5 cxd5 17.Nd3 Bf5 18.Rc1 Qd6 19.b4 a5 1/2-1/2

[Event "15th Asian-ch"]
[Site "Chengdu CHN"]
[Date "2017.05.15"]
[Round "4"]
[White "Santosh Gujrathi, Vidit"]
[Black "Al-Rakib, Abdullah"]
[Result "1-0"]
[WhiteElo "2687"]
[BlackElo "2503"]
[EventDate "2017.05.12"]
[PlyCount "61"]

1.e4 e5 2.Nf3 Nc6 3.d4 exd4 4.Nxd4 Bb4+ 5.c3 Bc5 6.Be3 Bb6 7.Nf5 Bxe3 8.
Nxe3 Nge7 9.g3 d6 10.Bg2 O-O 11.O-O Kh8 12.f4 f5 13.Nd2 Be6 14.exf5 Nxf5 
15.Nxf5 Bxf5 16.Qb3 Rb8 17.Rae1 Qd7 18.Nf3 Bd3 19.Rf2 Rfe8 20.Rxe8+ Qxe8 
21.Ng5 Qe1+ 22.Bf1 h6 23.Nf3 Qb1 24.Nd2 Qe1 25.Nf3 Qb1 26.Kg2 Bxf1+ 27.
Rxf1 Qf5 28.Re1 b5 29.Nh4 Qh5 30.Qe6 b4 31.c4 1-0

[Event "15th Asian-ch"]
[Site "Chengdu CHN"]
[Date "2017.05.15"]
[Round "4"]
[White "Sethuraman, Panayapan"]
[Black "Li Di"]
[Result "1-0"]
[WhiteElo "2633"]
[BlackElo "2488"]
[EventDate "2017.05.12"]
[PlyCount "79"]

1.d4 d5 2.c4 e6 3.Nf3 Nf6 4.Nc3 c5 5.cxd5 Nxd5 6.e3 Nc6 7.Bd3 Be7 8.O-O 
Nxc3 9.bxc3 O-O 10.Bb2 b6 11.e4 Na5 12.Qe2 Bb7 13.Rad1 Qc7 14.h4 Qf4 15.d5
c4 16.Bb1 Rad8 17.h5 e5 18.Nh2 Qh4 19.Bc1 Bd6 20.Kh1 f5 21.exf5 Bc8 22.h6 
Bxf5 23.hxg7 Kxg7 24.g3 Qh3 25.Be4 Bxe4+ 26.Qxe4 Qf5 27.Qh4 Qg6 28.Kg2 Rd7
29.Bh6+ Qxh6 30.Qg4+ Qg6 31.Qxd7+ Rf7 32.Qg4 Qxg4 33.Nxg4 Nb7 34.Ne3 b5 
35.Rb1 Bc5 36.Rxb5 a6 37.Rb2 Nd6 38.Re1 e4 39.Rb8 Nb5 40.Rc8 1-0

[Event "15th Asian-ch"]
[Site "Chengdu CHN"]
[Date "2017.05.15"]
[Round "4"]
[White "Lalith Babu, Musunuri Rohit"]
[Black "Nguyen Ngoc Truong Son"]
[Result "1/2-1/2"]
[WhiteElo "2529"]
[BlackElo "2632"]
[EventDate "2017.05.12"]
[PlyCount "55"]

1.c4 e6 2.g3 d5 3.Bg2 Nf6 4.Nf3 dxc4 5.Na3 Bxa3 6.bxa3 O-O 7.Bb2 Nbd7 8.
Qc2 c5 9.Ne5 Nxe5 10.Bxe5 Nd5 11.Qxc4 b6 12.O-O Qe7 13.Rab1 Bb7 14.a4 Nb4 
15.Bxb7 Qxb7 16.a3 Nc6 17.Bc3 Qd7 18.a5 Nxa5 19.Bxa5 bxa5 20.d3 Rab8 21.
Qxc5 a4 22.Rfc1 h6 23.Qa5 Rxb1 24.Rxb1 Rc8 25.Qe5 Qc6 26.Rb4 Qc1+ 27.Kg2 
Qxa3 28.Qe4 1/2-1/2

[Event "15th Asian-ch"]
[Site "Chengdu CHN"]
[Date "2017.05.15"]
[Round "4"]
[White "Zhumabaev, Rinat"]
[Black "Yeoh Li Tian"]
[Result "1-0"]
[WhiteElo "2625"]
[BlackElo "2470"]
[EventDate "2017.05.12"]
[PlyCount "97"]

1.d4 d5 2.c4 c6 3.e3 Nf6 4.Qc2 Bg4 5.Ne2 Nbd7 6.h3 Bh5 7.Nf4 e6 8.Nc3 Bg6 
9.Nxg6 hxg6 10.Be2 Be7 11.O-O O-O 12.Rd1 Rc8 13.Qb3 Qb6 14.Bd2 Rfd8 15.Be1
Qc7 16.Rac1 Qb8 17.Qc2 dxc4 18.Bxc4 c5 19.Be2 cxd4 20.Rxd4 Nc5 21.Rxd8+ 
Rxd8 22.Nb5 a6 23.Nd4 Nd5 24.Ba5 Re8 25.b4 Nd7 26.b5 Ba3 27.Rb1 Rc8 28.Qd3
Qd6 29.bxa6 bxa6 30.Qxa6 Qxa6 31.Bxa6 Ra8 32.Bb5 Rxa5 33.Bxd7 Nc3 34.Rb8+ 
Kh7 35.Be8 Ra7 36.Rb3 Nd1 37.Nb5 Re7 38.Bc6 Bc5 39.Rb1 Nxe3 40.fxe3 Bxe3+ 
41.Kf1 f5 42.a4 Bb6 43.Rd1 e5 44.Rd7 Re6 45.Bd5 Re8 46.Nd6 Rf8 47.Nc4 Bd4 
48.a5 Rb8 49.Bb7 1-0

[Event "15th Asian-ch"]
[Site "Chengdu CHN"]
[Date "2017.05.15"]
[Round "4"]
[White "Hossain, Enamul"]
[Black "Lu Shanglei"]
[Result "1/2-1/2"]
[WhiteElo "2452"]
[BlackElo "2619"]
[EventDate "2017.05.12"]
[PlyCount "48"]

1.e4 c5 2.Nf3 d6 3.Bb5+ Nd7 4.d4 cxd4 5.Qxd4 a6 6.Bxd7+ Bxd7 7.c4 Nf6 8.
O-O Rc8 9.Bg5 e6 10.Nc3 h6 11.Bh4 Be7 12.e5 dxe5 13.Nxe5 Bc6 14.Qe3 O-O 
15.Rfd1 Qa5 16.Qe2 Rfd8 17.Rxd8+ Bxd8 18.Rd1 Be8 19.h3 b5 20.cxb5 Bxb5 21.
Nxb5 axb5 22.a3 b4 23.axb4 Qxb4 24.Qa6 Qc5 1/2-1/2

[Event "15th Asian-ch"]
[Site "Chengdu CHN"]
[Date "2017.05.15"]
[Round "4"]
[White "Sengupta, Deep"]
[Black "Xu Minghui"]
[Result "1-0"]
[WhiteElo "2586"]
[BlackElo "2286"]
[EventDate "2017.05.12"]
[PlyCount "197"]

1.c4 c5 2.Nf3 Nf6 3.Nc3 Nc6 4.d4 cxd4 5.Nxd4 e6 6.a3 Be7 7.e4 O-O 8.Nc2 
Qc7 9.Be2 b6 10.f4 Bb7 11.Bd3 Rad8 12.Qe2 Na5 13.Nb5 Qb8 14.Nbd4 e5 15.
fxe5 Qxe5 16.O-O Bc5 17.Be3 Nc6 18.Rf5 Qe7 19.Rg5 Nxd4 20.Bxd4 h6 21.Rg3 
Bxe4 22.b4 Bxd4+ 23.Nxd4 Qe5 24.Qe3 Rfe8 25.Rf1 Nh7 26.Bxe4 Ng5 27.Nf5 
Qxe4 28.Qc3 Re5 29.Re3 Rxf5 30.Rxe4 Rxf1+ 31.Kxf1 Nxe4 32.Qe5 Nd2+ 33.Kf2 
Rc8 34.Qd5 Nxc4 35.Qxd7 Rf8 36.Qd5 Rc8 37.Qd7 Rf8 38.b5 Nxa3 39.Qd3 Nxb5 
40.Qxb5 g6 41.g4 Rd8 42.Qe5 a5 43.Qe3 Kg7 44.Qxb6 Re8 45.Qxa5 Re6 46.Qc3+ 
Kg8 47.Kf3 Kh7 48.h3 Kg8 49.Kf4 Kh7 50.Qd4 Kg8 51.Qb2 Kh7 52.Qc3 Kg8 53.
Qc8+ Kg7 54.Qd8 Re2 55.h4 Re6 56.h5 Rc6 57.Qd4+ Kg8 58.Ke5 Re6+ 59.Kd5 Kh7
60.Qb2 Kg8 61.Qb8+ Kg7 62.Qf4 Ra6 63.Qd4+ Kg8 64.Qd2 Kg7 65.Qc3+ Kh7 66.
Qc8 Ra5+ 67.Kd6 gxh5 68.gxh5 Rxh5 69.Ke7 Rg5 70.Kxf7 Rg2 71.Kf6 Rg6+ 72.
Kf5 Rg5+ 73.Kf4 Kg7 74.Qd7+ Kg8 75.Qe7 Kh8 76.Qf7 Rg7 77.Qf8+ Kh7 78.Ke5 
Rg8 79.Qf5+ Rg6 80.Qd7+ Rg7 81.Qd3+ Rg6 82.Qf5 Kg7 83.Qd7+ Kg8 84.Kf5 Rg5+
85.Kf6 Kh8 86.Qf7 Rg8 87.Qh5 Kh7 88.Qf5+ Kh8 89.Qh3 Kh7 90.Qd3+ Kh8 91.Qd4
Rg5 92.Kf7+ Kh7 93.Qf6 Rg8 94.Qf5+ Kh8 95.Qe5+ Kh7 96.Qe6 Rg7+ 97.Kf8 Rg5 
98.Qe7+ Kh8 99.Qf7 1-0

[Event "15th Asian-ch"]
[Site "Chengdu CHN"]
[Date "2017.05.15"]
[Round "4"]
[White "Utegaliev, Azamat"]
[Black "Karthikeyan, Murali"]
[Result "1/2-1/2"]
[WhiteElo "2522"]
[BlackElo "2585"]
[EventDate "2017.05.12"]
[PlyCount "136"]

1.Nf3 Nf6 2.c4 g6 3.g3 Bg7 4.Bg2 O-O 5.O-O c6 6.d4 d5 7.Qb3 dxc4 8.Qxc4 
Be6 9.Qa4 Nbd7 10.Nc3 Nd5 11.e4 N5b6 12.Qc2 Bg4 13.Rd1 e5 14.dxe5 Bxf3 15.
Bxf3 Qe7 16.Be2 Nxe5 17.Na4 Nxa4 18.Qxa4 c5 19.Bf4 Rfe8 20.Rac1 a6 21.Qc2 
b6 22.Bxe5 Bxe5 23.Bc4 Bd4 24.Bd5 Rad8 25.b4 Kg7 26.Kg2 Qg5 27.bxc5 bxc5 
28.Qc4 Rd6 29.Rc2 Qe7 30.Rd3 Red8 31.Rb3 h5 32.h4 R8d7 33.Re2 Qd8 34.Rf3 
Rf6 35.Rb3 Rfd6 36.Ra3 Rb6 37.Rb3 Rbd6 38.Ra3 Rb6 39.Rb3 Rbd6 40.Rd2 Qe7 
41.Rf3 Rf6 42.Rb3 Rfd6 43.a4 Qd8 44.Rf3 Rf6 45.Rdd3 Rdd6 46.Bxf7 Rxf3 47.
Rxf3 Rf6 48.Qb3 Qe7 49.Bd5 c4 50.Qxc4 Rxf3 51.Qxd4+ Rf6 52.a5 Kh7 53.Qc3 
Rf8 54.Qc6 Qf6 55.Qc7+ Kh6 56.Qc1+ Kh7 57.Qe3 Re8 58.Qa7+ Kh6 59.Qe3+ Kh7 
60.Qc5 Kh6 61.Kg1 Qa1+ 62.Kh2 Qf6 63.Kg2 Kh7 64.Qe3 Kg7 65.Qa7+ Kh6 66.Qc7
Rf8 67.Qc1+ Kh7 68.Qe3 Re8 1/2-1/2